00371nam a2200169Ia 4500003000400000005001700004008004000021040000700061041001200068082001500080100001800095245001800113250000600131260003400137300001200171650001800183OSt20231123152111.0210210b1984 xxu||||| |||| 00| 0 eng d cAL aEnglish a581.4 PANP aPANDEY (B P). aPlant anatomy a3 aNDbS. Chand & Co. Ltd.c1984 axii,495 aPlant anatomy